Театър от пясък (Запис номер 373009)
[ съкратено ]
| 000 -Лидер | |
|---|---|
| Контролно поле с фиксирана дължина | nam a22 7a 4500 |
| 003 - Код на организацията, давaща контролен номер | |
| Контролно поле | BLK |
| 005 - Дата и час на последна редакция | |
| Контролно поле | 20200903135816.0 |
| 008 - Елементи от данни с фиксирана дължина | |
| fixed length control field | 200703b bu ||||| |||| 00| 0 bu d |
| 020 ## - Международен стандартен номер на книга ISBN | |
| Международен стандартен номер на книга ISBN | 9786190105954 |
| 040 ## - Източник на каталожния запис | |
| Идентификатор на билиотеката - собственик на записа | BLK |
| 041 ## - Код за език | |
| Код за езика на текст/звукозапис или на отделно заглавие | Български |
| Код за езика КДБФ | Български |
| 080 ## - УДК | |
| Текстов определител УДК | Българска литература |
| УДК код - определител по УДК | 821.163.2 |
| УДК определител | -32 |
| УДК - код + определител | 821.163.2-32 |
| 100 ## - Редна дума - Автор | |
| R(LIN) | 302750 |
| Автор | Кисьова, Мая |
| Авторска отговорност | първи автор |
| 139 ## - Редно поле | |
| Редна дума | Кисьова, Мая Димитрова |
| Авторски знак | Кис - К 60 |
| 245 ## - Сведения за заглавието | |
| Заглавие | Театър от пясък |
| Подзаглавни данни | Театрален дизайн в хайбун |
| Редно поле (дума) | Мая Кисьова ; предг. Юрий Дачев. |
| 257 ## - Страна на издаване | |
| Страна на създаване/издаване | България |
| 260 ## - Област на издателските данни | |
| 9 (RLIN) | 210881 |
| Място на издаване, разпространение и проч. | София |
| Име на издателя, разпространителя и проч. | Изток-Запад |
| Година на издаване | 2020 |
| 300 ## - Физическа характеристика | |
| Страници | 64 с. |
| Илюстрации и др. | с ил. |
| Размери/Мащаб | 17 см |
| 380 ## - Жанр | |
| Жанр | Худож. лит. |
| 700 ## - Други автори (авторска отговорност) | |
| 9 (RLIN) | 401063 |
| Лично име | Дачев, Юрий Ангелов |
| Автороска отговорност (Описва отношението между автора и произведението) | предг. |
| 852 ## - Местоположение | |
| Форматна сигнатура | Цб І 39105 |
| Фондова буква | Хранилище |
| 999 ## - СИСТЕМНИ КОНТРОЛНИ НОМЕРА | |
| Koha biblionumber | 373009 |
| Koha biblioitemnumber | 373009 |
| 942 ## - АРТИКУЛИ | |
| Вид на библиотечния материал | Книги |
| Скрит в OPAC | Не |
| Периодичен библиозапис | Да |
| 944 ## - СЪЗДАВАНЕ И РЕДАКЦИЯ на ЗАПИСА | |
| Създаване/Редакция | Създаване |
| Дата на регистрацията/редакция | 2020-07-03 |
| Служител, извършил регистрацията/редакцията | К. Г. |
| 999 ## - СИСТЕМНИ КОНТРОЛНИ НОМЕРА | |
| Koha biblioitemnumber | 373009 |
| Код за отписване | Код за изгубен артикул | Източник на класификационната схема | Код за повреда | Коз за рестрикции | Код за отдаване | Артикулен № | Име на библиотеката - собственик | Име на библиотеката, в която се намира в момента | Статус (Текущо местоположение) | Дата на вписване в системата | Местоположение - отдел | Цена в лева | Систематично азбучна сигнатура | Баркод | Цена в евро | Служебен тип на артикула |
|---|---|---|---|---|---|---|---|---|---|---|---|---|---|---|---|---|
| Не е изгубен | Universal Decimal Classification | Не е повреден | без рестрикции | ползва се в читалня | 781199 | Регионална библиотека "Любен Каравелов" Русе | Регионална библиотека "Любен Каравелов" Русе | Хранилище | 2020-07-06 | Хранилище | 12.00 | Цб І 39105 | 120000845414 | 6.14 | Книги | |
| Не е изгубен | Universal Decimal Classification | Не е повреден | без рестрикции | заемане за дома | 799431 | Регионална библиотека "Любен Каравелов" Русе | Регионална библиотека "Любен Каравелов" Русе | Заемна - подръчен фонд | 2020-09-17 | Заемна - подръчен фонд | 8.40 | 821.163.2-32/К 60 М | 120000846699 | 4.29 | Книги | |
| Не е изгубен | Universal Decimal Classification | Не е повреден | без рестрикции | заемане за дома | 799432 | Регионална библиотека "Любен Каравелов" Русе | Регионална библиотека "Любен Каравелов" Русе | Заемна - подръчен фонд | 2020-09-17 | Заемна - подръчен фонд | 8.40 | 821.163.2-32/К 60 М | 120000846700 | 4.29 | Книги |